Wireless communications / (Record no. 189275)

000 -LEADER
fixed length control field 00965 a2200253 4500
003 - CONTROL NUMBER IDENTIFIER
control field NUST
005 - DATE AND TIME OF LATEST TRANSACTION
control field 20221230144607.0
010 ## - LIBRARY OF CONGRESS CONTROL NUMBER
LC control number 2010017177
020 ## - INTERNATIONAL STANDARD BOOK NUMBER
International Standard Book Number 0470741864 (pbk.)
020 ## - INTERNATIONAL STANDARD BOOK NUMBER
International Standard Book Number 0470741872 (cloth)
020 ## - INTERNATIONAL STANDARD BOOK NUMBER
International Standard Book Number 9780470741863 (pbk.)
020 ## - INTERNATIONAL STANDARD BOOK NUMBER
International Standard Book Number 9780470741870 (cloth)
035 ## - SYSTEM CONTROL NUMBER
System control number (OCoLC)ocn613645390
040 ## - CATALOGING SOURCE
Transcribing agency Nust
082 00 - DEWEY DECIMAL CLASSIFICATION NUMBER
Classification number 621.38456,MOL
100 1# - MAIN ENTRY--PERSONAL NAME
Personal name Molisch, Andreas F.
9 (RLIN) 57983
245 10 - TITLE STATEMENT
Title Wireless communications /
Statement of responsibility, etc. Andreas F. Molisch.
250 ## - EDITION STATEMENT
Edition statement 2nd ed.
260 ## - PUBLICATION, DISTRIBUTION, ETC.
Place of publication, distribution, etc. Chichester, West Sussex, U.K. :
Name of publisher, distributor, etc. Wiley :
-- IEEE,
Date of publication, distribution, etc. 2011.
300 ## - PHYSICAL DESCRIPTION
Extent lvi, 827 p. :
Other physical details ill. ;
Dimensions 26 cm.
505 ## - FORMATTED CONTENTS NOTE
Formatted contents note Part-1: Introduction (Page-1), Part-2: Wireless propagation channels (Page-45), Part-3: Transceivers and signal processing (Page-179), Part-4: Multiple access and advanced transceiver schemes (Page-363), Part-5: Standardized wireless systems (Page-499).
650 #0 - SUBJECT ADDED ENTRY--TOPICAL TERM
Topical term or geographic name entry element Telecommunication engineering
942 ## - ADDED ENTRY ELEMENTS (KOHA)
Source of classification or shelving scheme
Koha item type Book
Call number prefix 621.38456,MOL
Holdings
Withdrawn status Lost status Source of classification or shelving scheme Damaged status Not for loan Permanent Location Current Location Shelving location Date acquired Total Checkouts Full call number Barcode Date last seen Date last checked out Price effective from Koha item type Public note
          Military College of Signals (MCS) Military College of Signals (MCS) General Stacks 12/12/2016 1 621.38456,MOL MCS35072 02/06/2026 01/13/2026 12/12/2016 Book Almirah No.39, Shelf No.2
© 2023 Central Library, National University of Sciences and Technology. All Rights Reserved.